R (on the application of Fisher) v English Nature (Record no. 117600)

MARC details
000 -LEADER
fixed length control field 01848cam a2200265 4500
001 - CONTROL NUMBER
control field ABS67923
008 - FIXED-LENGTH DATA ELEMENTS--GENERAL INFORMATION
fixed length control field 040629n2004 000 0 eng u
035 ## - SYSTEM CONTROL NUMBER
System control number (Sirsi) u126614
245 ## - TITLE STATEMENT
Title R (on the application of Fisher) v English Nature
260 ## - PUBLICATION, DISTRIBUTION, ETC.
Date of publication, distribution, etc. 2004
490 ## - SERIES STATEMENT
Series statement Journal of Planning and Environment Law
Volume/sequential designation [2005] JPL 83-116(34)
520 ## - SUMMARY, ETC.
Summary, etc. [2004] EWCA Civ 663, 26 May 2004. The appellants (F) had objected to the designation of their farmland as a Site of Special Scientific Interest (SSSI) under the Wildlife and Countryside Act 1981 s28. The site had been designated a SSSI to protect an internationally important population of stone curlews and could also be considered a special protection area. The judge held that English Heritage (E) had been right to declare the area an SSSI once it was satisfied that the statutory criteria had been met. E had been entitled to both notify and confirm the SSSI. F had objected to the designation, arguing that it breached their right to peaceful enjoyment of his possessions under the "Convention for the Protection of Human Rights and Fundamental Freedoms First Protocol Art 1. "Held": the appeal was dismissed. View judgment at www.bailii.org.
590 ## - LOCAL NOTE (RLIN)
Local note ABS
590 ## - LOCAL NOTE (RLIN)
Local note ABS
650 ## - SUBJECT ADDED ENTRY--TOPICAL TERM
Topical term or geographic name entry element R V ENGLISH NATURE EX P FISHER
650 ## - SUBJECT ADDED ENTRY--TOPICAL TERM
Topical term or geographic name entry element SITES OF SPECIAL SCIENTIFIC INTEREST
650 ## - SUBJECT ADDED ENTRY--TOPICAL TERM
Topical term or geographic name entry element WILDLIFE AND COUNTRYSIDE ACT 1981 S28
650 ## - SUBJECT ADDED ENTRY--TOPICAL TERM
Topical term or geographic name entry element SPECIAL PROTECTION AREAS
650 ## - SUBJECT ADDED ENTRY--TOPICAL TERM
Topical term or geographic name entry element PROTECTED SPECIES
650 ## - SUBJECT ADDED ENTRY--TOPICAL TERM
Topical term or geographic name entry element CONVENTION FOR THE PROTECTION OF HUMAN RIGHTS AND FUNDAMENTAL FREEDOMS FIRST PROTOCOL ART 1
690 ## - LOCAL SUBJECT ADDED ENTRY--TOPICAL TERM (OCLC, RLIN)
Topical term or geographic name as entry element ENVIRONMENT-CASE LAW
856 ## - ELECTRONIC LOCATION AND ACCESS
Uniform Resource Identifier <a href="https://www.bailii.org/ew/cases/EWCA/Civ/2004/663.html">https://www.bailii.org/ew/cases/EWCA/Civ/2004/663.html</a>
Public note View judgment on the BAILII website...
856 ## - ELECTRONIC LOCATION AND ACCESS
Uniform Resource Identifier <a href="https://www.bailii.org/ew/cases/EWCA/Civ/2004/663.html">https://www.bailii.org/ew/cases/EWCA/Civ/2004/663.html</a>
Public note View judgment on the BAILII website...
942 ## - ADDED ENTRY ELEMENTS (KOHA)
Suppress in OPAC 0
Holdings
Withdrawn status Lost status Source of classification or shelving scheme Damaged status Not for loan Home library Current library Shelving location Date acquired Total Checkouts Full call number Barcode Date last seen Copy number Price effective from Koha item type
    Dewey Decimal Classification     London London Journal article 29/06/2004   ABS67923 126614-1001 06/08/2019 1 06/08/2019 Law report